000 00612cam a22002411 4500
001 sa 68017624
003 DLC
005 20260227112704.0
008 890417s1968 ii b 000 0 hino
010 _asa 68017624
035 _a(OCoLC)19559966
040 _aDLC
_cWaU
_dDLC
042 _apremarc
050 0 0 _aPN1049.H5
_bS5
100 1 _aŚarmā, Jagadīśa,
_d1935-
245 1 0 _aKāvya-siddhānta aura saundaryaśāstra.
260 _c[1968]
300 _a85 p.
_c23 cm.
500 _aIn Hindi.
504 _aBibliographical footnotes.
650 0 _aPoetics.
650 0 _aLiterature
_xAesthetics.
999 _c87835
_d87835